| 000 | 01156nam a22003137a 4500 | ||
|---|---|---|---|
| 999 |
_c326820 _d326820 |
||
| 003 | BLK | ||
| 005 | 20240213122805.0 | ||
| 008 | 181128b bu ||||| |||| 00| 0 bu d | ||
| 020 | _a9789546558886 | ||
| 040 | _aBLK | ||
| 041 |
_aBUL _cBUL |
||
| 080 |
_aАнтропогенезис. Произход на човека. Вж и 575.8 _b572.1/.4 _z572.1/.4 |
||
| 080 |
_aКосмическа микробиология. Вж и 52; 550.2; 573.5 _b579.65 _z579.65 |
||
| 100 |
_aУикрамасиндж, Чандра _eпърви автор _91299 |
||
| 139 |
_aУикрамасиндж, Чандра _bУ 40 |
||
| 245 |
_aКосмическа утроба _bЗасяването на планетата Земя |
||
| 260 |
_aСофия _bБард _c2018 |
||
| 300 |
_a416 с. _c22 см |
||
| 380 | _a5 | ||
| 650 | 7 |
_9155456 _aЖивот |
|
| 650 | 0 |
_9265129 _aВселена - произход и развитие |
|
| 653 | 7 |
_9185767 _aеволюция |
|
| 653 | 7 |
_9186978 _aЗемя |
|
| 700 |
_9368828 _aБовал, Робърт _eсъавт. |
||
| 852 |
_bДЧ _cП 572/У 70 |
||
| 942 |
_n0 _cKNG _03 _s1 |
||
| 999 | _d326820 | ||
| 999 | _d326820 | ||
| 944 |
_k30530 _lМинев Младен |
||